| 000 | 00585nam a22001697a 4500 | ||
|---|---|---|---|
| 003 | NUST | ||
| 038 | _aNusrat Nadeem | ||
| 082 | _a200 | ||
| 100 |
_aTariq, Bisma _9126134 |
||
| 245 |
_aDevelopment of a Robust Intrusion Detection System Using Attention Mechanism for Imbalanced Network Traffic in IoT/ _cBisma Tariq, |
||
| 264 |
_aIslamabad; _bSEECS NUST; _c2024. |
||
| 300 |
_a72,p; _bill; _c30,cm. |
||
| 650 |
_aMS-Information Technology _926924 |
||
| 700 |
_aSupervisor: Dr. Qaiser Riaz _996872 |
||
| 856 | _uhttp://10.250.8.41:8080/xmlui/handle/123456789/46901 | ||
| 942 |
_2ddc _cSC |
||
| 999 |
_c611896 _d611896 |
||